Jednostki długości - Statystyki

Ogólne statystyki
  • Ten quiz został rozwiązany 52 razy
    49 od ostatniego zresetowania
  • Średni wynik to 8 z 22
Statystyki odpowiedzi
Odpowiedź % Poprawnych
Metr
100%
Centymetr
98%
Kilometr
91%
Milimetr
84%
Decymetr
70%
Nanometr
49%
Cal
44%
Stopa
44%
Mikrometr
42%
Mila morska
35%
Jard
33%
Pikometr
21%
Rok świetlny
21%
Jednostka astronomiczna
16%
Mila lądowa
14%
Parsek
12%
Femtometr
5%
Minuta świetlna
5%
Sekunda świetlna
5%
Długość Plancka
2%
Dzień świetlny
2%
Godzina świetlna
2%
Nie znaleziono quizów pasujących do podanych kryteriów
Rozkład punktacji
Procent ludzi z każdym wynikiem
Percentyl według liczby udzielonych odpowiedzi
Twoja historia wyników
Nie rozwiązałeś tego quizu od ostatniego zresetowania